| Tag |
First Indicator |
Second Indicator |
Subfields |
| LEADER |
00000cam a2200000 a 4500 |
| 001 |
in00000069993 |
| 005 |
20151008055936.0 |
| 008 |
810728s1980 enkb b 00010 eng |
| 010 |
|
|
|a 80153376
|
| 015 |
|
|
|a GB80-30957
|
| 020 |
|
|
|a 0850383161 (pbk.) :
|c 12.00
|
| 035 |
|
|
|a (OCoLC)07737113
|
| 035 |
|
|
|9 AAJ4778AM
|
| 039 |
0 |
|
|a 2
|b 3
|c 3
|d 3
|e 3
|
| 040 |
|
|
|a DLC
|c DLC
|d TXA
|d UtOrBLW
|
| 043 |
|
|
|a e-uk---
|
| 049 |
|
|
|a TXAM
|c [1502432]
|
| 050 |
0 |
0 |
|a HD9571.6
|b .O33
|
| 082 |
0 |
|
|a 333.8/232/0941
|2 19
|
| 100 |
1 |
|
|a Odell, Peter R.
|
| 245 |
1 |
0 |
|a British oil policy :
|b a radical alternative : a report based on a study made for the Department of Energy and submitted to the Secretary of State in March 1979 /
|c by Peter R. Odell.
|
| 264 |
|
1 |
|a London :
|b Kogan Page,
|c [1980]
|
| 300 |
|
|
|a 50 pages :
|b 1 map ;
|c 24 cm.
|
| 336 |
|
|
|a text
|b txt
|2 rdacontent
|
| 337 |
|
|
|a unmediated
|b n
|2 rdamedia
|
| 338 |
|
|
|a volume
|b nc
|2 rdacarrier
|
| 500 |
|
|
|a "Based upon 'The exploitation of Britain's offshore oil resources'"--Title page verso.
|
| 504 |
|
|
|a Includes bibliographical references.
|
| 650 |
|
0 |
|a Petroleum industry and trade
|x Government policy
|z Great Britain.
|
| 650 |
|
0 |
|a Oil and gas leases
|x Government policy
|z Great Britain.
|
| 650 |
|
0 |
|a Concessions
|x Government policy
|z Great Britain.
|
| 710 |
1 |
|
|a Great Britain.
|b Department of Energy.
|
| 999 |
|
|
|a MARS
|
| 999 |
f |
f |
|s ad06edbb-34c5-34a1-83c8-439da190a85a
|i 93683670-2cb2-3a34-ba6b-250d2c093082
|t 0
|
| 952 |
f |
f |
|p ric
|a Texas A&M University
|b Rellis Campus
|c Joint Library Facility
|d Remote Storage
|t 0
|e HD9571.6 .O33
|h Library of Congress classification
|i unmediated -- volume
|m A14806131490
|
| 998 |
f |
f |
|a HD9571.6 .O33
|t 0
|l Remote Storage
|